[Event "Florianopolis op 10th"]
[Site "Florianopolis"]
[Date "2024.01.26"]
[Round "8"]
[White "Andersson, Cristian De Oliveir"]
[Black "Franca, Jairo Jr"]
[Result "0-1"]
[WhiteElo "1461"]
[BlackElo "1753"]
[PlyCount "73"]
[EventDate "2024.01.20"]
[EventType "swiss"]
[EventRounds "10"]
[EventCountry "BRA"]
[SourceTitle "CB05_2024"]
[SourceDate "2024.01.31"]
[SourceVersion "1"]
[SourceVersionDate "2024.01.31"]
[SourceQuality "1"]

1. c4 Nf6 2. Nc3 e5 3. e4 Bc5 4. Nge2 d6 5. d4 exd4 6. Nxd4 0-0 7. Be3 Re8 8. Bd3 Ng4 9. 0-0 Nxe3 10. fxe3 Nc6 11. Bc2 Ne5 12. Qe2 c6 13. Na4 Bg4 14. Nf3 Bxf3 15. gxf3 Qg5+ 16. Kh1 Qxe3 17. Qg2 Re6 18. Nxc5 dxc5 19. b3 Rd8 20. Rad1 Red6 21. Rxd6 Rxd6 22. Rd1 Rxd1+ 23. Bxd1 Qe1+ 24. Qg1 Qxg1+ 25. Kxg1 g5 26. Be2 Ng6 27. Kf2 Kg7 28. Kg3 Kf6 29. Bf1 Nf4 30. Bh3 Nxh3 31. Kxh3 h5 32. Kg3 Ke5 33. Kf2 Kd4 34. h3 b5 35. Ke2 a5 36. Kd2 a4 37. bxa4 0-1

[Event "Florianopolis op 10th"]
[Site "Florianopolis"]
[Date "2024.01.25"]
[Round "7"]
[White "Franca, Jairo Jr"]
[Black "Cardozo, Camila"]
[Result "1/2-1/2"]
[WhiteElo "1753"]
[BlackElo "1426"]
[PlyCount "77"]
[EventDate "2024.01.20"]
[EventType "swiss"]
[EventRounds "10"]
[EventCountry "BRA"]
[SourceTitle "CB05_2024"]
[SourceDate "2024.01.31"]
[SourceVersion "1"]
[SourceVersionDate "2024.01.31"]
[SourceQuality "1"]

1. e4 e6 2. d4 d5 3. Nc3 Nf6 4. exd5 exd5 5. Nf3 Be7 6. Bd3 0-0 7. h3 c6 8. 0-0 Nbd7 9. a4 a5 10. Ne2 Ne4 11. Bf4 Ndf6 12. c3 Be6 13. Qc2 Qc8 14. Ng5 Nxg5 15. Bxg5 h6 16. Bxf6 Bxf6 17. Ng3 c5 18. dxc5 Qxc5 19. Rad1 Rac8 20. Bf5 d4 21. Bxe6 fxe6 22. Ne4 Qf5 23. Nxf6+ Qxf6 24. Rd3 Qe5 25. Qd2 dxc3 26. bxc3 Qc5 27. Re1 Qc6 28. Qe2 Rfe8 29. Re3 Qxa4 30. Rxe6 Rf8 31. Re7 Qb3 32. Qe5 Rf7 33. Re3 Qb1+ 34. Kh2 Qf5 35. Qxf5 Rxf5 36. Rxb7 Rf7 37. Rxf7 Kxf7 38. f4 Rc5 39. Re5 1/2-1/2

[Event "Florianopolis op 10th"]
[Site "Florianopolis"]
[Date "2024.01.21"]
[Round "2"]
[White "Franca, Jairo Jr"]
[Black "Zacarias, Rodrigo Medeiros"]
[Result "0-1"]
[WhiteElo "1753"]
[BlackElo "2058"]
[PlyCount "76"]
[EventDate "2024.01.20"]
[EventType "swiss"]
[EventRounds "10"]
[EventCountry "BRA"]
[SourceTitle "CB05_2024"]
[SourceDate "2024.01.31"]
[SourceVersion "1"]
[SourceVersionDate "2024.01.31"]
[SourceQuality "1"]

1. e4 c5 2. Nf3 Nc6 3. Bc4 e6 4. c3 Nge7 5. 0-0 d5 6. exd5 Nxd5 7. d4 Nb6 8. Bb5 Bd7 9. Be3 cxd4 10. Nxd4 Nd5 11. Nd2 Nxe3 12. fxe3 Bd6 13. Qh5 0-0 14. Ne4 Be7 15. Bd3 g6 16. Qe2 f5 17. Nd2 Ne5 18. Bc2 Bg5 19. N2f3 Nxf3+ 20. Qxf3 Qb6 21. Bb3 Kh8 22. Qg3 Bf6 23. Kh1 e5 24. Nf3 Rae8 25. Ng1 h6 26. Nf3 Kg7 27. Rad1 Bc6 28. Rfe1 a5 29. Nh4 Bg5 30. Nf3 f4 31. Qg4 fxe3 32. Nxg5 hxg5 33. Bd5 Rd8 34. Qe4 e2 35. Qxe5+ Kh6 36. Qxe2 Rxd5 37. Rxd5 Bxd5 38. Qd2 Qf2 0-1

[Event "Rio Verde Goiano op"]
[Site "Rio Verde"]
[Date "2023.12.02"]
[Round "4"]
[White "Arruda Filho, Ivo Pereira de"]
[Black "Franca, Jairo Jr"]
[Result "1/2-1/2"]
[WhiteElo "1686"]
[BlackElo "1770"]
[PlyCount "77"]
[EventDate "2023.12.01"]
[EventType "swiss"]
[EventRounds "6"]
[EventCountry "BRA"]
[SourceTitle "CB50_2023"]
[SourceDate "2023.12.13"]
[SourceVersion "1"]
[SourceVersionDate "2023.12.13"]
[SourceQuality "1"]

1. d4 Nf6 2. Bf4 e6 3. e3 c5 4. Nf3 cxd4 5. exd4 Nc6 6. Nbd2 d5 7. c3 Be7 8. Bd3 0-0 9. 0-0 a6 10. a4 Bd7 11. Ne5 Nxe5 12. dxe5 Ne8 13. Qh5 f5 14. Nf3 Nc7 15. Ng5 Bxg5 16. Bxg5 Qe8 17. Qh4 Qg6 18. Be2 h6 19. Be7 Rfc8 20. Bh5 Qh7 21. Bd6 g5 22. Qg3 Be8 23. Be2 Bg6 24. f4 g4 25. Qh4 Ne8 26. Ba3 Rc7 27. h3 h5 28. Qf2 Qd7 29. a5 Ng7 30. Bd6 Rc6 31. Qh4 Ne8 32. Qg5 Qg7 33. Bb4 Rac8 34. Rad1 Nc7 35. Rd4 Bf7 36. h4 Qxg5 37. hxg5 Be8 38. g3 Nb5 39. Rdd1 1/2-1/2

[Event "Rio Verde Goiano op"]
[Site "Rio Verde"]
[Date "2023.12.02"]
[Round "3"]
[White "Franca, Jairo Jr"]
[Black "Mota, Pedro Vinicius Bran"]
[Result "1-0"]
[WhiteElo "1770"]
[BlackElo "1357"]
[PlyCount "39"]
[EventDate "2023.12.01"]
[EventType "swiss"]
[EventRounds "6"]
[EventCountry "BRA"]
[SourceTitle "CB50_2023"]
[SourceDate "2023.12.13"]
[SourceVersion "1"]
[SourceVersionDate "2023.12.13"]
[SourceQuality "1"]

1. e4 c5 2. Nf3 e6 3. d4 cxd4 4. Nxd4 a6 5. c4 Qc7 6. Nc3 Nf6 7. Be2 Bb4 8. Qd3 b6 9. 0-0 0-0 10. Bg5 Be7 11. f4 Nc6 12. Kh1 Bb7 13. a3 Rad8 14. Rac1 e5 15. Nf5 d6 16. Nd5 Nxd5 17. cxd5 Bxg5 18. fxg5 Qd7 19. dxc6 Bxc6 20. Rxc6 1-0

[Event "Florianopolis op 9th"]
[Site "Florianopolis"]
[Date "2023.01.28"]
[Round "8"]
[White "Cristino, Felipe Borges"]
[Black "Franca, Jairo Jr"]
[Result "1-0"]
[WhiteElo "1893"]
[BlackElo "1696"]
[PlyCount "57"]
[EventDate "2023.01.23"]
[EventType "swiss"]
[EventRounds "10"]
[EventCountry "BRA"]
[SourceTitle "CBM 212 Extra"]
[Source "ChessBase"]
[SourceDate "2023.03.31"]
[SourceVersion "1"]
[SourceVersionDate "2023.03.31"]
[SourceQuality "1"]

1. d4 Nf6 2. c4 e6 3. Nc3 Bb4 4. f3 d5 5. a3 Bxc3+ 6. bxc3 c5 7. cxd5 exd5 8. e3 0-0 9. Bd3 Nc6 10. Ne2 Re8 11. 0-0 Qc7 12. g4 Na5 13. Nf4 g5 14. Ne2 h6 15. Rb1 Bd7 16. Qe1 Nc4 17. Bxc4 dxc4 18. Qg3 Qxg3+ 19. Nxg3 b6 20. dxc5 bxc5 21. e4 Rab8 22. Be3 Rb3 23. Bxc5 Rxc3 24. Bd4 Rxa3 25. Bxf6 c3 26. Rb7 Be6 27. Rc7 Rc8 28. Rxc8+ Bxc8 29. Rc1 1-0

[Event "Florianopolis op 9th"]
[Site "Florianopolis"]
[Date "2023.01.24"]
[Round "2"]
[White "De Siqueira, Luigy Lira"]
[Black "Franca, Jairo Jr"]
[Result "1-0"]
[WhiteElo "2011"]
[BlackElo "1696"]
[PlyCount "143"]
[EventDate "2023.01.23"]
[EventType "swiss"]
[EventRounds "10"]
[EventCountry "BRA"]
[SourceTitle "CBM 212 Extra"]
[Source "ChessBase"]
[SourceDate "2023.03.31"]
[SourceVersion "1"]
[SourceVersionDate "2023.03.31"]
[SourceQuality "1"]

1. e4 c5 2. Nf3 d6 3. d4 cxd4 4. Nxd4 Nf6 5. Nc3 a6 6. Bg5 e6 7. f4 Be7 8. Qf3 Qc7 9. 0-0-0 Nbd7 10. g4 b5 11. Bxf6 Nxf6 12. g5 Nd7 13. f5 Bxg5+ 14. Kb1 Ne5 15. Qh5 Bf6 16. fxe6 g6 17. Nd5 Qd8 18. Qe2 Bxe6 19. Nxe6 fxe6 20. Nxf6+ Qxf6 21. Rxd6 0-0 22. Bh3 Nc4 23. e5 Qxe5 24. Qxe5 Nxe5 25. Rxe6 Nf3 26. Bg2 Rad8 27. Bxf3 Rxf3 28. Rxa6 Rf2 29. b3 Rdd2 30. Re1 Kg7 31. Ra7+ Kf6 32. Rc7 Rxh2 33. Rf1+ Ke6 34. Rc5 h5 35. Rc6+ Ke7 36. Rg1 Rhg2 37. Rxg6 Rxg1+ 38. Rxg1 Kf6 39. Kb2 h4 40. Rg4 h3 41. Kc3 Rg2 42. Rh4 h2 43. a4 bxa4 44. bxa4 Ke6 45. Kb3 Kd6 46. Rh5 Kc6 47. a5 Kb7 48. Rh6 Rf2 49. c3 Rg2 50. Kb4 Ra2 51. Kb3 Rf2 52. Rb6+ Kc7 53. Rh6 Kb7 54. Kb4 Rb2+ 55. Kc5 Ra2 56. a6+ Rxa6 57. Rxh2 Rc6+ 58. Kd4 Kb6 59. c4 Rg6 60. Rh5 Kc6 61. Re5 Rh6 62. Ra5 Kb6 63. Rd5 Rh4+ 64. Kc3 Kc6 65. Ra5 Kd6 66. Kb4 Kc6 67. Ra6+ Kc7 68. Kb5 Rd4 69. c5 Rh4 70. Ra7+ Kc8 71. Kb6 Rh6+ 72. c6 1-0

[Event "BRA-ch 88th"]
[Site "Recife"]
[Date "2022.12.21"]
[Round "9"]
[White "Simas Neto, Felipe Jairo Novo"]
[Black "Franca, Jairo Jr"]
[Result "1-0"]
[WhiteElo "1831"]
[BlackElo "1722"]
[PlyCount "113"]
[EventDate "2022.12.15"]
[EventType "swiss"]
[EventRounds "11"]
[EventCountry "BRA"]
[SourceTitle "CBM 212 Extra"]
[Source "ChessBase"]
[SourceDate "2023.03.31"]
[SourceVersion "1"]
[SourceVersionDate "2023.03.31"]
[SourceQuality "1"]

1. c4 Nf6 2. d4 e6 3. Nf3 b6 4. g3 Bb7 5. Bg2 Bb4+ 6. Bd2 Bxd2+ 7. Qxd2 d6 8. Nc3 Nbd7 9. 0-0 Ne4 10. Nxe4 Bxe4 11. d5 e5 12. Ne1 Bg6 13. Nd3 a5 14. e4 0-0 15. b3 f5 16. f3 Qe7 17. Rab1 fxe4 18. fxe4 Rxf1+ 19. Kxf1 Nf6 20. Nf2 h6 21. a3 Qe8 22. Ra1 Kh7 23. Qc3 Bh5 24. Bh3 Kh8 25. Bf5 Qf8 26. Kg2 Nh7 27. h4 Nf6 28. Qe3 Be8 29. g4 g6 30. Be6 Bd7 31. Bxd7 Nxd7 32. Nd3 Kg7 33. g5 h5 34. Rf1 Qe7 35. Rf3 Rf8 36. Qf2 Rxf3 37. Qxf3 Qf8 38. Qxf8+ Kxf8 39. b4 Ke8 40. Kf3 Kd8 41. Ke3 Kc8 42. Kd2 Kb7 43. Kc3 Ka6 44. Kb3 Kb7 45. c5 bxc5 46. bxc5 dxc5 47. Kc4 Kb6 48. a4 c6 49. d6 Ka7 50. Nxc5 Nb6+ 51. Kb3 Kb8 52. Ne6 Nd7 53. Nd8 Nc5+ 54. Kc4 Nxe4 55. Nxc6+ Kc8 56. Kd5 Nc3+ 57. Ke6 1-0

[Event "Florianopolis op 8th"]
[Site "Florianopolis"]
[Date "2022.01.26"]
[Round "4"]
[White "Franca, Jairo Jr"]
[Black "Miranda, Catarina Oliveira"]
[Result "1-0"]
[WhiteElo "1794"]
[BlackElo "1615"]
[PlyCount "118"]
[EventDate "2022.01.24"]
[EventType "swiss"]
[EventRounds "10"]
[EventCountry "BRA"]
[SourceTitle "EXT 2023"]
[Source "ChessBase"]
[SourceDate "2022.10.05"]
[SourceVersion "1"]
[SourceVersionDate "2022.10.05"]
[SourceQuality "1"]

1. e4 c5 2. Nf3 e6 3. c3 Nc6 4. d4 cxd4 5. cxd4 d5 6. e5 Qb6 7. Nc3 Bd7 8. Bb5 a6 9. Ba4 Nge7 10. Bc2 Rc8 11. 0-0 Ng6 12. h4 Be7 13. a3 Nxh4 14. Nxh4 Bxh4 15. Be3 Qxb2 16. Na4 Qb5 17. Nc5 Be7 18. Rb1 Qa5 19. Nxd7 Kxd7 20. Rxb7+ Rc7 21. Rxc7+ Qxc7 22. Ba4 Bxa3 23. Qb3 Be7 24. Rc1 Rb8 25. Rxc6 Rxb3 26. Rxc7+ Kxc7 27. Bxb3 Kb6 28. Kf1 Kb5 29. Ke2 Kb4 30. Bc2 Kc3 31. Kd1 h6 32. Ba4 Bd8 33. Be8 f6 34. Bd7 fxe5 35. dxe5 d4 36. Bd2+ Kd3 37. f3 Bc7 38. Bxe6 Bxe5 39. Bc8 Kc4 40. Bxa6+ Kd5 41. Ke2 Bf6 42. Kd3 Ke5 43. Ba5 Kf4 44. Bc7+ Kg5 45. Ke4 Kg6 46. Bb5 Kg5 47. g3 Kg6 48. Be5 Bxe5 49. Kxe5 h5 50. Kxd4 Kg5 51. Ke3 h4 52. Kf2 hxg3+ 53. Kxg3 Kf6 54. Kg4 g5 55. Bd3 Kf7 56. Kxg5 Kf8 57. Kf6 Ke8 58. Kg7 Ke7 59. f4 Ke6 1-0

[Event "Pan American-ch U2000"]
[Site "Timbo"]
[Date "2021.12.03"]
[Round "6"]
[White "Vieira, Alexandre Letizio"]
[Black "Franca, Jairo Jr"]
[Result "0-1"]
[WhiteElo "1713"]
[BlackElo "1795"]
[PlyCount "45"]
[EventDate "2021.12.01"]
[EventType "swiss"]
[EventRounds "9"]
[EventCountry "BRA"]
[SourceTitle "CBM 205 Extra"]
[Source "ChessBase"]
[SourceDate "2022.01.31"]
[SourceVersion "1"]
[SourceVersionDate "2022.01.31"]
[SourceQuality "1"]

1. d4 Nf6 2. Bf4 e6 3. e3 Be7 4. Nf3 0-0 5. Nbd2 d5 6. Bd3 c5 7. c3 Nc6 8. Ne5 Nxe5 9. dxe5 Ne8 10. Nf3 f6 11. exf6 Nxf6 12. Ne5 Bd7 13. h3 Bc6 14. g4 Nd7 15. Qc2 Nxe5 16. Bxh7+ Kh8 17. Bxe5 Bd6 18. Bg6 d4 19. 0-0 dxe3 20. fxe3 Qe7 21. e4 Qg5 22. Rae1 Qh6 23. c4 0-1

[Event "BRA-ch 87th"]
[Site "Cuiaba"]
[Date "2021.10.30"]
[Round "4"]
[White "Franca, Jairo Jr"]
[Black "De Oliveira, Aquiles Machado"]
[Result "1-0"]
[WhiteElo "1755"]
[BlackElo "2059"]
[PlyCount "108"]
[EventDate "2021.10.28"]
[EventType "swiss"]
[EventRounds "11"]
[EventCountry "BRA"]
[SourceTitle "CBM 205 Extra"]
[Source "ChessBase"]
[SourceDate "2022.01.31"]
[SourceVersion "1"]
[SourceVersionDate "2022.01.31"]
[SourceQuality "1"]

1. e4 c5 2. Nf3 Nc6 3. d4 cxd4 4. Nxd4 g6 5. c4 Nf6 6. Nc3 d6 7. Be2 Nxd4 8. Qxd4 Bg7 9. 0-0 0-0 10. Bg5 h6 11. Bh4 g5 12. Bg3 Nh5 13. Qd2 Nxg3 14. hxg3 Qa5 15. Rac1 Be6 16. Rfd1 Rfc8 17. Nd5 Qxd2 18. Rxd2 Kf8 19. Rdc2 Rc6 20. b4 Rac8 21. Bd3 Bd4 22. Kf1 a6 23. a4 a5 24. b5 Rc5 25. Ke2 Rb8 26. Rh1 Bg7 27. Ke3 Bd7 28. Kf3 e6 29. Ne3 Ke7 30. Rcc1 b6 31. Rh5 Bc8 32. Ke2 Bb7 33. f3 Be5 34. Rxh6 Bxg3 35. Rch1 Bf4 36. Rh7 Rf8 37. R1h3 Rg8 38. Ng4 d5 39. exd5 exd5 40. Nh6 Rf8 41. Nxf7 Rxf7 42. Rxf7+ Kxf7 43. Rh7+ Kf8 44. Rxb7 dxc4 45. Be4 Bc7 46. Kd2 c3+ 47. Kc2 Ke7 48. Ra7 Ke6 49. g4 Ke5 50. Bc6 Kd6 51. Ra8 Ke7 52. Re8+ Kf7 53. Re3 Be5 54. Rd3 Rc4 1-0

[Event "Goiania Barbosa Nunes Cup 1st"]
[Site "Goiania"]
[Date "2021.10.15"]
[Round "2"]
[White "Franca, Jairo Jr"]
[Black "Almeida Junior, Alvaro Alves de"]
[Result "0-1"]
[WhiteElo "1755"]
[BlackElo "2106"]
[PlyCount "52"]
[EventDate "2021.10.15"]
[EventType "swiss"]
[EventRounds "6"]
[EventCountry "BRA"]
[SourceTitle "EXT 2023"]
[Source "ChessBase"]
[SourceDate "2022.10.05"]
[SourceVersion "1"]
[SourceVersionDate "2022.10.05"]
[SourceQuality "1"]

1. e4 c5 2. Nf3 d6 3. d4 cxd4 4. Nxd4 Nf6 5. Nc3 a6 6. Bc4 e6 7. Bb3 Be7 8. 0-0 0-0 9. f4 Qc7 10. f5 exf5 11. Nxf5 Bxf5 12. exf5 Nbd7 13. Be3 Rac8 14. Bd4 b5 15. Qf3 b4 16. Nd5 Nxd5 17. Qxd5 Bf6 18. Rad1 Ne5 19. c3 a5 20. Rf2 bxc3 21. Bxc3 Ng4 22. Rf3 a4 23. Bc2 Rfe8 24. Qd2 d5 25. Bxf6 Qxh2+ 26. Kf1 Qh1# 0-1

[Event "Jatai Goias op"]
[Site "Jatai"]
[Date "2021.08.08"]
[Round "6"]
[White "Santos, Abel Cardoso Dos"]
[Black "Franca, Jairo Jr"]
[Result "1/2-1/2"]
[WhiteElo "1809"]
[BlackElo "1736"]
[PlyCount "106"]
[EventDate "2021.08.06"]
[EventType "swiss"]
[EventRounds "6"]
[EventCountry "BRA"]
[SourceTitle "EXT 2022"]
[Source "ChessBase"]
[SourceDate "2021.10.06"]
[SourceVersion "1"]
[SourceVersionDate "2021.10.06"]
[SourceQuality "1"]

1. e4 e5 2. Nf3 Nc6 3. Bb5 a6 4. Ba4 Nf6 5. 0-0 b5 6. Bb3 Be7 7. Re1 0-0 8. c3 d6 9. h3 Na5 10. Bc2 c5 11. d4 Nc6 12. Be3 Re8 13. Nbd2 Qc7 14. d5 Nb8 15. a4 Bb7 16. Qe2 c4 17. axb5 axb5 18. Rxa8 Bxa8 19. Ra1 Nbd7 20. Nf1 Nc5 21. Ng3 g6 22. Qd1 Bb7 23. Nd2 Ra8 24. Rxa8+ Bxa8 25. Qa1 Bb7 26. Qa7 Kg7 27. b4 cxb3 28. Nxb3 Nxb3 29. Bxb3 Bd8 30. Qa1 Qa5 31. Qc1 Nd7 32. Bd1 Nc5 33. Be2 b4 34. cxb4 Qxb4 35. Bd2 Qb6 36. Be3 Qb4 37. f3 Nb3 38. Qb1 Bb6 39. Bxb6 Qxb6+ 40. Kh1 Qe3 41. Qd3 Qxd3 42. Bxd3 Nc5 43. Bb5 Ba6 44. Bxa6 Nxa6 45. Ne2 f5 46. Nc3 Kf6 47. g4 f4 48. g5+ Ke7 49. h4 Nb4 50. Kg2 Nc2 51. Nd1 Kf7 52. Kg1 Nd4 53. Kf2 h5 1/2-1/2

[Event "Jatai Goias op"]
[Site "Jatai"]
[Date "2021.08.07"]
[Round "3"]
[White "Franca, Jairo Jr"]
[Black "Braga, Marcelo Melem"]
[Result "1-0"]
[WhiteElo "1736"]
[BlackElo "1552"]
[PlyCount "94"]
[EventDate "2021.08.06"]
[EventType "swiss"]
[EventRounds "6"]
[EventCountry "BRA"]
[SourceTitle "EXT 2022"]
[Source "ChessBase"]
[SourceDate "2021.10.06"]
[SourceVersion "1"]
[SourceVersionDate "2021.10.06"]
[SourceQuality "1"]

1. c4 c5 2. Nc3 Nc6 3. Nf3 Nf6 4. g3 g6 5. Bg2 Bg7 6. 0-0 0-0 7. d4 cxd4 8. Nxd4 Nxd4 9. Qxd4 d6 10. Bg5 a6 11. Rac1 Qa5 12. Qd2 Re8 13. Rfd1 Rb8 14. h3 Be6 15. b3 Rec8 16. Ne4 Qd8 17. Nxf6+ Bxf6 18. Bxf6 exf6 19. Qxd6 Qa5 20. Qd2 Qxd2 21. Rxd2 Rc7 22. Rcd1 Kg7 23. h4 h5 24. f4 f5 25. Kf2 b5 26. cxb5 axb5 27. e3 Rb6 28. Bd5 Ra7 29. Bxe6 fxe6 30. Rd7+ Rxd7 31. Rxd7+ Kf6 32. Rc7 Ra6 33. Rc2 b4 34. Ke2 Ra7 35. Kd1 Ra6 36. Kc1 Ra5 37. Kb2 Rd5 38. a4 bxa3+ 39. Kxa3 Rd3 40. Re2 e5 41. Kb4 exf4 42. gxf4 Ke6 43. Kc4 Rd1 44. b4 Rh1 45. b5 Rxh4 46. b6 Kd6 47. Rb2 Rg4 1-0

[Event "Jatai Goias op"]
[Site "Jatai"]
[Date "2021.08.07"]
[Round "4"]
[White "Leite, Tarcisio Dantas Fro"]
[Black "Franca, Jairo Jr"]
[Result "0-1"]
[WhiteElo "1627"]
[BlackElo "1736"]
[PlyCount "110"]
[EventDate "2021.08.06"]
[EventType "swiss"]
[EventRounds "6"]
[EventCountry "BRA"]
[SourceTitle "EXT 2022"]
[Source "ChessBase"]
[SourceDate "2021.10.06"]
[SourceVersion "1"]
[SourceVersionDate "2021.10.06"]
[SourceQuality "1"]

1. e4 d6 2. d4 Nf6 3. Nc3 g6 4. Be2 Bg7 5. Nf3 0-0 6. h3 c5 7. Be3 Nc6 8. Qd2 Qa5 9. 0-0-0 a6 10. Kb1 cxd4 11. Nxd4 Bd7 12. Nb3 Qc7 13. Bh6 Rac8 14. Bxg7 Kxg7 15. Nd5 Nxd5 16. exd5 Ne5 17. Rc1 Qd8 18. Rhf1 Nc4 19. Qc3+ Kg8 20. Bxc4 Bb5 21. Qa5 Qxa5 22. Nxa5 Bxc4 23. Nxc4 Rxc4 24. Rfe1 Rc7 25. Re2 Rfc8 26. Rce1 Kf8 27. Rd1 b5 28. Rd4 Rc4 29. Red2 Ke8 30. b3 Rxd4 31. Rxd4 h5 32. c4 Kd7 33. Kc2 e6 34. dxe6+ fxe6 35. f4 h4 36. Kd3 bxc4+ 37. bxc4 Rc5 38. Ke3 Ra5 39. Rd2 Kc6 40. Ke4 Kc5 41. Rc2 Ra4 42. Kd3 a5 43. Re2 Ra3+ 44. Ke4 Kxc4 45. Rc2+ Rc3 46. Rb2 Rc1 47. Re2 a4 48. Kf3 Kd5 49. Rd2+ Kc6 50. Rd4 Rc3+ 51. Kg4 a3 52. Kxh4 Rc2 53. g4 Rxa2 54. Ra4 Kb5 55. Ra8 Kb4 0-1

[Event "Jatai Goiania-ch"]
[Site "Jatai"]
[Date "2021.06.05"]
[Round "4"]
[White "Giordani, Fernardo Alberto"]
[Black "Franca, Jairo Jr"]
[Result "0-1"]
[WhiteElo "1750"]
[BlackElo "1746"]
[PlyCount "76"]
[EventDate "2021.06.04"]
[EventType "swiss"]
[EventRounds "6"]
[EventCountry "BRA"]
[SourceTitle "CBM 202 Extra"]
[Source "ChessBase"]
[SourceDate "2021.07.31"]
[SourceVersion "1"]
[SourceVersionDate "2021.07.31"]
[SourceQuality "1"]

1. c4 Nf6 2. Nc3 g6 3. e4 d6 4. d3 Bg7 5. Nf3 c5 6. Be2 Nc6 7. 0-0 0-0 8. Bf4 a6 9. Qd2 Ng4 10. h3 Nge5 11. Nxe5 dxe5 12. Bh6 Qd6 13. Bxg7 Kxg7 14. f4 Nd4 15. g4 b5 16. b3 Bb7 17. f5 Rad8 18. Bf3 e6 19. Rad1 b4 20. Ne2 gxf5 21. gxf5 exf5 22. Nxd4 Qxd4+ 23. Qf2 Qxf2+ 24. Kxf2 f4 25. Bg4 Bc8 26. Bf5 Bxf5 27. exf5 Kf6 28. Rg1 Rg8 29. Rxg8 Rxg8 30. Rg1 Rxg1 31. Kxg1 Kxf5 32. Kf2 e4 33. dxe4+ Kxe4 34. Kg2 f3+ 35. Kf2 Kf4 36. h4 h5 37. Kg1 Kg3 38. Kf1 f2 0-1

[Event "Jatai Goiania-ch"]
[Site "Jatai"]
[Date "2021.06.04"]
[Round "1"]
[White "Franca, Jairo Jr"]
[Black "Mourao, Igor AC Lofredo"]
[Result "0-1"]
[WhiteElo "1746"]
[BlackElo "2151"]
[PlyCount "74"]
[EventDate "2021.06.04"]
[EventType "swiss"]
[EventRounds "6"]
[EventCountry "BRA"]
[SourceTitle "CBM 202 Extra"]
[Source "ChessBase"]
[SourceDate "2021.07.31"]
[SourceVersion "1"]
[SourceVersionDate "2021.07.31"]
[SourceQuality "1"]

1. e4 c5 2. Nf3 Nc6 3. d4 cxd4 4. Nxd4 g6 5. Be3 Bg7 6. Nc3 Nf6 7. Be2 0-0 8. 0-0 d5 9. exd5 Nxd5 10. Nxd5 Qxd5 11. Bf3 Qa5 12. Nxc6 bxc6 13. c3 Rb8 14. b4 Qa6 15. Rc1 Qxa2 16. Bxc6 Ba6 17. Re1 Qc4 18. Qf3 Rbc8 19. Bd5 Qd3 20. Bc5 Qxf3 21. Bxf3 Rfe8 22. c4 Rc7 23. g3 Rec8 24. Re2 Bh6 25. Rcc2 e6 26. Kg2 Bf8 27. Bxf8 Kxf8 28. b5 Bxb5 29. Re5 Bxc4 30. Ra5 Bf1+ 31. Kxf1 Rxc2 32. Rxa7 Rb2 33. Ra8 Rxa8 34. Bxa8 e5 35. h4 f5 36. Kg2 e4 37. Kf1 Ke7 0-1

[Event "Jatai Goiania-ch"]
[Site "Jatai"]
[Date "2021.06.04"]
[Round "2"]
[White "Santos, Wenesley da Luz"]
[Black "Franca, Jairo Jr"]
[Result "0-1"]
[WhiteElo "1768"]
[BlackElo "1746"]
[PlyCount "90"]
[EventDate "2021.06.04"]
[EventType "swiss"]
[EventRounds "6"]
[EventCountry "BRA"]
[SourceTitle "CBM 202 Extra"]
[Source "ChessBase"]
[SourceDate "2021.07.31"]
[SourceVersion "1"]
[SourceVersionDate "2021.07.31"]
[SourceQuality "1"]

1. d4 Nf6 2. Bf4 e6 3. e3 d5 4. Nf3 Bd6 5. Bg3 0-0 6. Bd3 c5 7. c3 Nc6 8. Nbd2 Re8 9. Ne5 Bxe5 10. dxe5 Nd7 11. f4 Ne7 12. Bh4 c4 13. Bc2 Qb6 14. Bf2 Qxb2 15. Rc1 Nc5 16. 0-0 Bd7 17. Nf3 Bc6 18. Bxh7+ Kf8 19. Ng5 Ne4 20. Bxe4 dxe4 21. Qh5 Ng6 22. Bh4 Qd2 23. Rce1 Bd7 24. Rd1 Qxe3+ 25. Bf2 Qxc3 26. Bc5+ Re7 27. Rxd7 Rae8 28. Rxe7 Rxe7 29. f5 exf5 30. Rxf5 Ke8 31. Rf1 Rxe5 32. Bf2 e3 33. Bg3 e2 34. Re1 Qe3+ 35. Bf2 Qxg5 36. Qxg5 Rxg5 37. Rxe2+ Re5 38. Rxe5+ Nxe5 39. Kf1 a6 40. Ke2 Kd7 41. Kd2 Kc6 42. a3 b6 43. Kc3 Kd5 44. a4 b5 45. axb5 axb5 0-1

[Event "Goiania op"]
[Site "Goiania"]
[Date "2021.02.27"]
[Round "4"]
[White "Luz, Diego Lima"]
[Black "Franca, Jairo Jr"]
[Result "1-0"]
[WhiteElo "1935"]
[BlackElo "1767"]
[PlyCount "65"]
[EventDate "2021.02.26"]
[EventType "swiss"]
[EventRounds "6"]
[EventCountry "BRA"]
[SourceTitle "EXT 2022"]
[Source "ChessBase"]
[SourceDate "2021.10.06"]
[SourceVersion "1"]
[SourceVersionDate "2021.10.06"]
[SourceQuality "1"]

1. c4 Nf6 2. Nc3 e5 3. Nf3 Nc6 4. e4 Bc5 5. Nxe5 Nxe5 6. d4 Bb4 7. dxe5 Nxe4 8. Qf3 Nxc3 9. bxc3 Be7 10. Qg3 Rg8 11. Bd3 g6 12. Bf4 d6 13. 0-0-0 g5 14. Rhe1 Be6 15. exd6 cxd6 16. Bxh7 Rh8 17. Bc2 gxf4 18. Qg7 Kd7 19. c5 d5 20. Qe5 Rc8 21. Ba4+ Rc6 22. Rxd5+ Bxd5 23. Qxd5+ Ke8 24. Qe5 Rg8 25. Rd1 Qc8 26. h4 Kf8 27. Bxc6 Qxc6 28. Qb8+ Kg7 29. Qxf4 Qxc5 30. Rd3 Qa3+ 31. Kb1 Qa6 32. Rg3+ Kh8 33. Qe5+ 1-0

[Event "Florianopolis op 7th"]
[Site "Florianopolis"]
[Date "2021.01.24"]
[Round "10"]
[White "Franca, Jairo Jr"]
[Black "Cristino, Felipe Borges"]
[Result "0-1"]
[WhiteElo "1760"]
[BlackElo "1929"]
[PlyCount "80"]
[EventDate "2021.01.18"]
[EventType "swiss"]
[EventRounds "10"]
[EventCountry "BRA"]
[SourceTitle "CBM 200 Extra"]
[Source "ChessBase"]
[SourceDate "2021.03.31"]
[SourceVersion "1"]
[SourceVersionDate "2021.03.31"]
[SourceQuality "1"]

1. d4 Nf6 2. Nf3 e6 3. Bf4 d5 4. e3 Nbd7 5. Bd3 b6 6. 0-0 Be7 7. Nc3 0-0 8. a4 Bb7 9. a5 a6 10. h3 Ne4 11. axb6 cxb6 12. Ne2 b5 13. Nd2 Nef6 14. f3 Qb6 15. Kh1 Bd6 16. Bxd6 Qxd6 17. Qe1 e5 18. Qh4 Qb4 19. Rad1 Qxb2 20. Bf5 Qa3 21. dxe5 Nxe5 22. e4 Qb4 23. Qg5 h6 24. Qg3 Rfe8 25. f4 Nc4 26. Nxc4 dxc4 27. e5 Ne4 28. Bxe4 Bxe4 29. f5 Qc5 30. Nc3 Qxe5 31. Nxe4 Qxe4 32. Rde1 Qxc2 33. Rxe8+ Rxe8 34. f6 Qg6 35. Qxg6 fxg6 36. f7+ Kf8 37. fxe8Q+ Kxe8 38. Ra1 c3 39. Rxa6 b4 40. Kg1 b3 0-1